Statistics for Misc Geography #1 SATELLITE IMAGES

Click here to take the quiz!

General Stats

  • This quiz has been taken 76 times
  • The average score is 19 of 30

Answer Stats

Answer% Correct
Cyprus
92%
Hawaii
92%
Brazil
90%
Canada
85%
Sri Lanka
85%
Asia
83%
Korean
83%
South America
83%
Israel
82%
Middle East
82%
Austria
80%
Iceland
80%
Michigan
80%
New York City
77%
Philippines
77%
Aegean Sea
75%
Arctic
70%
Switzerland
70%
Tasmania
70%
Crete
68%
Caspian Sea
65%
British Isles
49%
Washington DC
48%
Ontario
44%
Europort
31%
Timor
31%
San Francisco
21%
Tokyo
20%
Isle of Man
14%
Quebec City
11%

Score Distribution

Percentile by Number Answered

Percent of People with Each Score

Your Score History

You have not taken this quiz